[Event "XVII OOM Podlaskie - Chlopcy"]
[Site "Suwalki"]
[Date "2011.04.16"]
[Round "4.8"]
[White "Siedlanowski, Lukasz"]
[Black "Chmielarz, Maciej"]
[Result "1-0"]
[WhiteElo "1727"]
[BlackElo "1823"]
[PlyCount "103"]
[EventDate "2011.??.??"]

1. e4 c6 2. d4 d5 3. e5 c5 4. dxc5 Nc6 5. Nf3 e6 6. Be3 Nge7 7. c3 Nf5 8. Bd4
Bd7 9. Nbd2 Nfxd4 10. cxd4 b6 11. Nb3 bxc5 12. dxc5 Bxc5 13. Nxc5 Qa5+ 14. Qd2
Qxc5 15. Rc1 Qb6 16. Bd3 Rb8 17. O-O h6 18. b3 Ne7 19. Rfd1 O-O 20. Bb1 Rfc8
21. Nd4 Rxc1 22. Rxc1 Rc8 23. Rxc8+ Bxc8 24. Qd3 g6 25. h4 Ba6 26. Qe3 h5 27.
Kh2 Bb7 28. Bd3 Ba6 29. Bb1 Qc7 30. a4 f6 31. f4 fxe5 32. fxe5 Nc6 33. Nxc6
Qxc6 34. Bxg6 Qd7 35. Qg5 Kf8 36. Qf6+ Kg8 37. Bxh5 d4 38. Bg4 Bc8 39. Qg6+ Kh8
40. Bh5 Qc7 41. Qf6+ Kg8 42. Be2 Qc3 43. Qg6+ Kf8 44. Bd3 Qc5 45. Qh6+ Kf7 46.
Bg6+ Ke7 47. Qg7+ Kd8 48. h5 Qb4 49. h6 d3 50. Qf6+ Kc7 51. Bxd3 Qg4 52. Qg7+
1-0

[Event "XVII OOM Podlaskie - Chlopcy"]
[Site "Suwalki"]
[Date "2011.04.16"]
[Round "4.9"]
[White "Snihur, Piotr"]
[Black "Tomaszewski, Kacper"]
[Result "1/2-1/2"]
[WhiteElo "1818"]
[BlackElo "1775"]
[PlyCount "62"]
[EventDate "2011.??.??"]

1. e4 c5 2. Nf3 e6 3. d4 cxd4 4. Nxd4 a6 5. Bd3 Nc6 6. Be3 Qc7 7. Nc3 Nf6 8.
O-O Bd6 9. h3 Bf4 10. Bxf4 Qxf4 11. Nxc6 dxc6 12. Qc1 Qxc1 13. Raxc1 e5 14. a4
a5 15. Bc4 Ke7 16. f4 exf4 17. e5 Nd7 18. Rce1 Nb6 19. Bb3 Be6 20. Bxe6 Kxe6
21. Rxf4 Nd5 22. Nxd5 cxd5 23. Kf2 Rac8 24. c3 Rhd8 25. Rg4 Rg8 26. Kf3 Rc5 27.
Re3 h5 28. Rh4 Rh8 29. Rd4 Rhc8 30. Rdd3 g5 31. b3 b5 1/2-1/2

[Event "XVII OOM Podlaskie - Chlopcy"]
[Site "Suwalki"]
[Date "2011.04.16"]
[Round "4.10"]
[White "Piotrowski, Przemyslaw"]
[Black "Szymanowicz, Maksymilian"]
[Result "1-0"]
[WhiteElo "1927"]
[BlackElo "1596"]
[PlyCount "51"]
[EventDate "2011.??.??"]

1. Nc3 d5 2. e4 c6 3. d3 e6 4. Nf3 Bb4 5. Bd2 Nf6 6. e5 Nfd7 7. g3 O-O 8. Bg2
Be7 9. O-O a6 10. Re1 c5 11. h4 Nc6 12. Bf4 b5 13. g4 Bb7 14. g5 Nb6 15. Ne2
Qd7 16. Ng3 a5 17. Nh5 Rfc8 18. Nf6+ gxf6 19. gxf6 Bf8 20. Ng5 Nd4 21. Qg4 Kh8
22. Qh5 h6 23. Nxf7+ Kh7 24. Bxh6 Bxh6 25. Qxh6+ Kg8 26. Qg7# 1-0

[Event "XVII OOM Podlaskie - Chlopcy"]
[Site "Suwalki"]
[Date "2011.??.??"]
[Round "4.11"]
[White "Fronczak, Sebastian"]
[Black "Sliwicki, Damian"]
[Result "1/2-1/2"]
[WhiteElo "1712"]
[BlackElo "1864"]
[PlyCount "158"]
[EventDate "2011.??.??"]

1. e4 c5 2. c3 d5 3. exd5 Qxd5 4. d4 Nf6 5. Nf3 e6 6. Na3 Nc6 7. Nb5 Qd8 8.
dxc5 Bxc5 9. Qxd8+ Kxd8 10. b4 Bb6 11. Nd6 Ke7 12. Nc4 Bc7 13. b5 Nb8 14. Ba3+
Ke8 15. Nd6+ Bxd6 16. Bxd6 Nbd7 17. c4 b6 18. Bd3 Bb7 19. O-O Nc5 20. Bxc5 bxc5
21. a4 Ke7 22. Rfd1 Rhd8 23. Bc2 Ne4 24. Rxd8 Rxd8 25. Rd1 Rxd1+ 26. Bxd1 Nc3
27. Bc2 Ne2+ 28. Kf1 Bxf3 29. gxf3 Nd4 30. Bd1 e5 31. Ke1 Kd6 32. a5 g5 33. a6
Kc7 34. Kd2 f5 35. Kd3 h6 36. Ke3 Kb6 37. Kd2 Ka5 38. Kd3 Kb4 39. Be2 Ka5 40.
Bd1 Kb6 41. Ke3 Kc7 42. Kd3 Kd6 43. Ke3 h5 44. h3 Kc7 45. Kd3 Ne6 46. Ke3 Kb6
47. Bc2 Nd4 48. Bd1 Kc7 49. Be2 h4 50. Bd1 Kb6 51. Be2 Ka5 52. Bf1 Kb4 53. Kd3
Ka5 54. Ke3 Kb6 55. Bd3 Kc7 56. Be2 Nc2+ 57. Kd2 Nd4 58. Ke3 Ne6 59. Bd3 Nd4
60. Be2 Nc2+ 61. Kd2 Nd4 62. Ke3 Kb6 63. Bf1 Ka5 64. Bg2 Nc2+ 65. Kd2 Nd4 66.
Kd3 Kb6 67. Ke3 Kc7 68. Bf1 Kb6 69. Bg2 Ne6 70. Bf1 Nf4 71. Kd2 Kc7 72. Ke3 Kb6
73. Kd2 Ka5 74. Ke3 Kb6 75. Kd2 Kc7 76. Ke3 Kb8 77. Kd2 Kc8 78. Ke3 Kb8 79. Kd2
Kc7 1/2-1/2

[Event "XVII OOM Podlaskie - Chlopcy"]
[Site "Suwalki"]
[Date "2011.??.??"]
[Round "4.12"]
[White "Zebracki, Tomasz"]
[Black "Chomczyk, Marek"]
[Result "1/2-1/2"]
[WhiteElo "1798"]
[BlackElo "1696"]
[PlyCount "78"]
[EventDate "2011.??.??"]

1. e4 e5 2. Nf3 Nc6 3. Bb5 a6 4. Bxc6 dxc6 5. O-O Qf6 6. d4 exd4 7. Qxd4 c5 8.
Qxf6 Nxf6 9. Bf4 c6 10. Nc3 h6 11. Rad1 Be6 12. Nh4 g6 13. Be3 Be7 14. h3 b5
15. e5 Nd5 16. Nf3 Nxc3 17. bxc3 Bxa2 18. Nd2 Bd5 19. c4 Be6 20. cxb5 cxb5 21.
Ne4 c4 22. Nd6+ Kf8 23. g4 Kg7 24. f4 Bxd6 25. Rxd6 Rhd8 26. Bb6 Rxd6 27. exd6
f5 28. Rd1 Bd7 29. Re1 Re8 30. Rxe8 Bxe8 31. gxf5 gxf5 32. Ba5 Kf6 33. Kf2 Ke6
34. Bb4 Kd5 35. Ke3 Bd7 36. c3 Be8 37. Kf3 h5 38. h4 Bc6 39. Ke3 Bd7 1/2-1/2

[Event "XVII OOM Podlaskie - Chlopcy"]
[Site "Suwalki"]
[Date "2011.??.??"]
[Round "4.13"]
[White "Mucha, Piotr"]
[Black "Niekras, Dawid"]
[Result "1-0"]
[WhiteElo "1707"]
[BlackElo "1789"]
[PlyCount "85"]
[EventDate "2011.??.??"]

1. e4 e5 2. Nf3 Nc6 3. Bb5 a6 4. Ba4 Nf6 5. O-O Be7 6. Re1 b5 7. Bb3 d6 8. c3
O-O 9. h3 Na5 10. Bc2 c5 11. d4 Qc7 12. Nbd2 Nc6 13. d5 Nd8 14. Nf1 Ne8 15. g4
g6 16. Bh6 Ng7 17. Ng3 f6 18. a4 b4 19. cxb4 cxb4 20. Nd2 a5 21. Bd3 Bd7 22.
Rc1 Qb7 23. b3 Nf7 24. Be3 Bd8 25. Nc4 Rc8 26. Qe2 Ne8 27. Rc2 Bc7 28. Rec1 f5
29. gxf5 gxf5 30. exf5 Nf6 31. Nh5 Nxh5 32. Qxh5 Qxd5 33. Qg4+ Kh8 34. Be4 Nh6
35. Bxd5 Nxg4 36. hxg4 h5 37. Nxe5 dxe5 38. Rxc7 Rxc7 39. Rxc7 Bc8 40. Bh6 Re8
41. Bg7+ Kh7 42. Bxe5+ Kh6 43. Bf4# 1-0

[Event "XVII OOM Podlaskie - Chlopcy"]
[Site "Suwalki"]
[Date "2011.??.??"]
[Round "4.14"]
[White "Kowalski, Maciej"]
[Black "Maciejewski, Andrzej"]
[Result "1-0"]
[WhiteElo "1704"]
[BlackElo "1721"]
[PlyCount "91"]
[EventDate "2011.??.??"]

1. d4 c5 2. d5 d6 3. c4 e6 4. e4 exd5 5. cxd5 g6 6. Nc3 Bg7 7. Nf3 Ne7 8. Bd3
O-O 9. h3 a6 10. a4 f5 11. O-O Nd7 12. Re1 Nf6 13. e5 Ne4 14. Bxe4 fxe4 15.
Nxe4 dxe5 16. d6 Nc6 17. Qd5+ Kh8 18. Bg5 Qe8 19. Nxc5 Bf5 20. d7 Qf7 21. Qxf7
Rxf7 22. Rad1 e4 23. Nh4 b6 24. Nxf5 bxc5 25. Nxg7 Kxg7 26. d8=Q Nxd8 27. Rxd8
Rxd8 28. Bxd8 Rb7 29. Ba5 Kf7 30. Bc3 Re7 31. Re3 Re6 32. f3 exf3 33. Rxe6 Kxe6
34. gxf3 Kf5 35. Kf2 Kf4 36. Bg7 c4 37. Bh6+ Ke5 38. Ke3 Kd5 39. Bg7 Kc5 40.
Bc3 Kd5 41. Kf4 Ke6 42. Kg5 Kf7 43. Kh6 Kg8 44. h4 a5 45. Bxa5 Kh8 46. Bc3+ 1-0

[Event "XVII OOM Podlaskie - Chlopcy"]
[Site "Suwalki"]
[Date "2011.??.??"]
[Round "4.15"]
[White "Kosmala, Mateusz"]
[Black "Krawiecki, Stanislaw"]
[Result "1-0"]
[WhiteElo "1719"]
[BlackElo "1520"]
[PlyCount "77"]
[EventDate "2011.??.??"]

1. e4 e5 2. Nf3 Nc6 3. Bc4 Nf6 4. d3 Be7 5. Nc3 O-O 6. O-O d6 7. h3 Na5 8. Bb3
h6 9. Nh2 Nxb3 10. axb3 d5 11. exd5 Nxd5 12. Qh5 Nxc3 13. bxc3 f5 14. Ra5 c5
15. Ra1 Bf6 16. Ba3 b6 17. Rad1 Qc7 18. d4 exd4 19. cxd4 Be7 20. Qe2 Bd6 21.
Qc4+ Kh8 22. Nf3 Bb7 23. d5 Rae8 24. Rfe1 Qf7 25. Bb2 Rxe1+ 26. Nxe1 Re8 27.
Nf3 Re4 28. Qd3 Qe8 29. c4 Re2 30. Qc3 Qe7 31. Nh4 Qf7 32. Ba1 Re4 33. Qxg7+
Qxg7 34. Bxg7+ Kg8 35. Nxf5 Bf4 36. Bxh6 Bxh6 37. Nxh6+ Kh7 38. Nf5 Kg8 39. Nd6
1-0

[Event "XVII OOM Podlaskie - Chlopcy"]
[Site "Suwalki"]
[Date "2011.??.??"]
[Round "4.16"]
[White "Osinski, Emil"]
[Black "Czajkowski, Adam"]
[Result "1-0"]
[WhiteElo "1672"]
[BlackElo "1802"]
[PlyCount "97"]
[EventDate "2011.??.??"]

1. d4 d5 2. c4 e6 3. Nc3 Be7 4. Nf3 Nf6 5. Bg5 h6 6. Bh4 O-O 7. e3 b6 8. cxd5
Nxd5 9. Bxe7 Qxe7 10. Nxd5 exd5 11. Bd3 Be6 12. O-O c5 13. Ne5 Rc8 14. f4 f6
15. Ng6 Qb7 16. Qh5 Nc6 17. dxc5 Nb4 18. Bb1 Rxc5 19. Nh4 Nc2 20. Qg6 Bf7 21.
Qd3 Rac8 22. Bxc2 Rxc2 23. Rf2 Rxf2 24. Kxf2 Qc6 25. Re1 Qc2+ 26. Qxc2 Rxc2+
27. Re2 Rxe2+ 28. Kxe2 d4 29. exd4 Bxa2 30. Nf5 b5 31. b4 Kf7 32. Ke3 a6 33.
Nd6+ Ke7 34. Nf5+ Kf7 35. g4 Bd5 36. Kd3 g6 37. Ne3 Bf3 38. h3 Ke6 39. f5+ gxf5
40. Nxf5 Bg2 41. h4 h5 42. Ng7+ Kf7 43. Nxh5 Bf3 44. Nf4 Bxg4 45. d5 Ke7 46.
Kd4 Kd6 47. h5 Bd1 48. h6 Bc2 49. Nd3 1-0

[Event "XVII OOM Podlaskie - Chlopcy"]
[Site "Suwalki"]
[Date "2011.??.??"]
[Round "4.18"]
[White "Karpacz, Piotr"]
[Black "Nun, Grzegorz"]
[Result "1-0"]
[WhiteElo "1747"]
[BlackElo "1705"]
[PlyCount "79"]
[EventDate "2011.??.??"]

1. e4 c5 2. Nf3 d6 3. d4 cxd4 4. Qxd4 Nf6 5. Bb5+ Bd7 6. Bxd7+ Qxd7 7. h3 Nc6
8. Qe3 g6 9. O-O Bg7 10. c3 O-O 11. Na3 Rac8 12. Rd1 Qc7 13. Qe2 a6 14. Bg5
Rfd8 15. Nc2 b5 16. Ne3 Na5 17. Bxf6 exf6 18. Nd5 Qb7 19. Nd2 Re8 20. Qf3 Re6
21. Nb3 Nc6 22. Nf4 Ne5 23. Qe2 Ree8 24. Nd5 Nc4 25. Qc2 a5 26. Nd2 Ne5 27.
Rac1 Qa7 28. Nf1 Qc5 29. Nde3 Nc4 30. Rd5 Qc6 31. Nxc4 Qxc4 32. Nd2 Qc6 33. Qd3
Rb8 34. Rxd6 Qc5 35. Rd5 Qb6 36. Nb3 Bh6 37. Rd1 b4 38. cxb4 axb4 39. Nc5 Qc6
40. Nd7 1-0

[Event "XVII OOM Podlaskie - Chlopcy"]
[Site "Suwalki"]
[Date "2011.??.??"]
[Round "4.19"]
[White "Beczala, Pawel"]
[Black "Buraczewski, Rafal"]
[Result "1-0"]
[WhiteElo "1693"]
[BlackElo "1631"]
[PlyCount "155"]
[EventDate "2011.??.??"]

1. e4 e6 2. d4 d5 3. e5 c5 4. c3 Nc6 5. Nf3 Qb6 6. a3 c4 7. Be2 Na5 8. Nbd2 Bd7
9. O-O Ne7 10. Re1 Ng6 11. Qc2 Nf4 12. Nf1 Ng6 13. Ng5 Be7 14. Ng3 O-O 15. Bh5
Nb3 16. Rb1 Qd8 17. Nh3 Ba4 18. Qe2 Nxc1 19. Rexc1 Bg5 20. Rf1 Nf4 21. Nxf4
Bxf4 22. Nh1 g6 23. Bg4 Qe7 24. g3 Bh6 25. f4 a5 26. Qg2 Rad8 27. Bd1 Bxd1 28.
Rbxd1 b5 29. g4 b4 30. axb4 axb4 31. g5 Bg7 32. Nf2 bxc3 33. bxc3 Ra8 34. Ng4
Rfb8 35. Nf6+ Bxf6 36. gxf6 Qd8 37. Ra1 Qb6 38. Rxa8 Rxa8 39. Qd2 Kh8 40. Qc2
Rb8 41. Ra1 h6 42. Kf1 Kg8 43. Ke1 Kf8 44. Kd1 Ke8 45. Qa4+ Kd8 46. Qa5 Kc7 47.
Qxb6+ Rxb6 48. Kc2 Kb7 49. h4 h5 50. Rg1 Ra6 51. f5 Ra2+ 52. Kb1 Rh2 53. fxg6
fxg6 54. f7 Rf2 55. Rxg6 Rxf7 56. Rxe6 Rf4 57. Rh6 Rxh4 58. Kb2 Rh2+ 59. Ka3 h4
60. Kb4 Rb2+ 61. Kc5 Rc2 62. Kxd5 Rxc3 63. Rxh4 Rc1 64. Rh3 c3 65. e6 Kc7 66.
Rh7+ Kc8 67. Kc6 Kd8 68. Kd6 Kc8 69. Rc7+ Kb8 70. e7 Re1 71. Rxc3 Re4 72. d5
Rxe7 73. Kxe7 Kb7 74. d6 Kb6 75. d7 Kb5 76. d8=Q Ka6 77. Qb8 Ka5 78. Ra3# 1-0

[Event "XVII OOM Podlaskie - Chlopcy"]
[Site "Suwalki"]
[Date "2011.??.??"]
[Round "4.20"]
[White "Lewtak, Dominik"]
[Black "Molenda, Marcin"]
[Result "0-1"]
[WhiteElo "1750"]
[BlackElo "1614"]
[PlyCount "68"]
[EventDate "2011.??.??"]

1. e4 e5 2. Nf3 Nc6 3. Bb5 Bc5 4. c3 Nf6 5. O-O O-O 6. d4 Bb6 7. Bg5 h6 8. Bh4
d6 9. Qd3 Bg4 10. Bxc6 bxc6 11. dxe5 dxe5 12. Qxd8 Raxd8 13. Nxe5 g5 14. Bg3
Nxe4 15. Nxg4 f5 16. Nxh6+ Kg7 17. Nxf5+ Rxf5 18. Na3 Nxg3 19. hxg3 Rd2 20. Nc4
Bxf2+ 21. Rxf2 Rdxf2 22. Rd1 Re2 23. Rd7+ Rf7 24. Rxf7+ Kxf7 25. Kf1 Rc2 26.
Ne5+ Ke6 27. Nxc6 Rxb2 28. a4 Ra2 29. Nxa7 Rxa4 30. Nb5 c5 31. Ke2 Kd5 32. Kd3
Rg4 33. Nc7+ Kc6 34. Ne6 Rxg3+ 0-1

[Event "XVII OOM Podlaskie - Chlopcy"]
[Site "Suwalki"]
[Date "2011.??.??"]
[Round "4.21"]
[White "Maciejewski, Mikolaj"]
[Black "Mrozowski, Patryk"]
[Result "1/2-1/2"]
[WhiteElo "1622"]
[BlackElo "1676"]
[PlyCount "60"]
[EventDate "2011.??.??"]

1. e4 c5 2. Nf3 d6 3. d4 cxd4 4. Nxd4 a6 5. a4 Nf6 6. Nc3 e6 7. Be3 Be7 8. Be2
Qc7 9. O-O Nc6 10. f4 Bd7 11. Nb3 Na5 12. Rc1 Nc4 13. Bxc4 Qxc4 14. Qd3 Qxd3
15. cxd3 Bd8 16. h3 Bc6 17. g4 Nd7 18. Nd4 Rc8 19. Nxc6 bxc6 20. Ne2 Bb6 21.
Kf2 Bxe3+ 22. Kxe3 Nc5 23. b4 Nb7 24. b5 axb5 25. axb5 Kd7 26. bxc6+ Rxc6 27.
Rxc6 Kxc6 28. f5 e5 29. Ng3 g6 30. Rc1+ Kd7 1/2-1/2

[Event "XVII OOM Podlaskie - Chlopcy"]
[Site "Suwalki"]
[Date "2011.??.??"]
[Round "4.22"]
[White "Gluszak, Pawel"]
[Black "Lebiedowicz, Borys"]
[Result "0-1"]
[WhiteElo "1528"]
[BlackElo "1689"]
[PlyCount "90"]
[EventDate "2011.??.??"]

1. e4 e5 2. Nf3 Nc6 3. Bb5 a6 4. Ba4 b5 5. Bb3 Nf6 6. O-O Be7 7. Re1 O-O 8. c3
d5 9. exd5 Nxd5 10. d4 exd4 11. Nxd4 Nxd4 12. Qxd4 Bb7 13. Nd2 c5 14. Qg4 Nf6
15. Qd1 c4 16. Bc2 Bc5 17. Nf1 Qb6 18. Be3 Rad8 19. Bxc5 Qxc5 20. Qc1 Qc6 21.
f3 Rfe8 22. Qf4 Qc5+ 23. Kh1 Qf2 24. Rxe8+ Rxe8 25. Rc1 Be4 26. Bxe4 Nxe4 27.
h3 Nc5 28. Qd2 Qxd2 29. Nxd2 Nd3 30. Rc2 Re1+ 31. Kh2 Re2 32. Kh1 Ne1 33. Rc1
Nxg2 34. Ne4 Re1+ 35. Rxe1 Nxe1 36. Nc5 Nd3 37. Nxa6 Nxb2 38. Nb4 Nd3 39. Nc2
Nf2+ 40. Kg2 Nd1 41. Kf1 Nxc3 42. a3 Kf8 43. Ke1 Ke7 44. Kd2 Nd5 45. Nd4 Nc7
0-1

[Event "XVII OOM Podlaskie - Chlopcy"]
[Site "Suwalki"]
[Date "2011.??.??"]
[Round "4.23"]
[White "Szymanowski, Mateusz"]
[Black "Mazur, Bartlomiej"]
[Result "1-0"]
[WhiteElo "1743"]
[BlackElo "1603"]
[PlyCount "152"]
[EventDate "2011.??.??"]

1. e4 e6 2. d4 d5 3. e5 c5 4. c3 Nc6 5. Nf3 Qb6 6. Bd3 cxd4 7. cxd4 Bd7 8. Bc2
Bb4+ 9. Nc3 Nge7 10. O-O h6 11. Na4 Qd8 12. a3 Ba5 13. Nc5 Qc8 14. Be3 Bb6 15.
Nxd7 Qxd7 16. b4 a6 17. Ne1 Nf5 18. Bxf5 exf5 19. f4 Rc8 20. Qd3 Ne7 21. Nf3
O-O 22. Rac1 Rxc1 23. Rxc1 Rc8 24. Rxc8+ Qxc8 25. Kf2 Kf8 26. Ke2 Ke8 27. g3
Qc6 28. h3 Qg6 29. Bf2 Qc6 30. Be3 g6 31. Ne1 Nc8 32. g4 fxg4 33. hxg4 Na7 34.
f5 g5 35. f6 Qb5 36. Nc2 Kd7 37. Qxb5+ Nxb5 38. Kd3 Nc7 39. Ne1 Ke8 40. Nf3 Kf8
41. Nh2 Kg8 42. Nf1 Kh7 43. Ng3 Ne8 44. Bf2 Bd8 45. a4 Nc7 46. Be3 Kg6 47. Bd2
Ne6 48. Nh5 Nf8 49. Ng7 Ne6 50. Nh5 Kh7 51. Ng3 b6 52. Nf5 Kg6 53. b5 axb5 54.
axb5 h5 55. Ne7+ Bxe7 56. fxe7 Nc7 57. Ba5 h4 58. Ke3 f5 59. Bxb6 Ne8 60. Bd8
h3 61. Kf3 fxg4+ 62. Kg3 Kf5 63. b6 Ng7 64. e8=Q Nxe8 65. b7 Ng7 66. b8=Q Nh5+
67. Kh2 Kf4 68. e6+ Kf3 69. Bxg5 Kf2 70. Bh4+ Kf3 71. e7 Ke4 72. e8=Q+ Kf5 73.
Qf7+ Ke4 74. Qb2 Ke3 75. Qg6 Kf4 76. Qa3 g3+ 1-0

[Event "XVII OOM Podlaskie - Chlopcy"]
[Site "Suwalki"]
[Date "2011.04.17"]
[Round "5.1"]
[White "Khamidov, Komil"]
[Black "Gajek, Radoslaw"]
[Result "0-1"]
[WhiteElo "2037"]
[BlackElo "1997"]
[PlyCount "78"]
[EventDate "2011.??.??"]

1. e4 c5 2. Nf3 e6 3. d4 cxd4 4. Nxd4 a6 5. Bd3 Bc5 6. Nb3 Be7 7. Qg4 g6 8. Qe2
d6 9. O-O Nd7 10. a4 b6 11. Na3 Bb7 12. Nc4 Qc7 13. a5 b5 14. Nb6 Nxb6 15. axb6
Qxb6 16. Na5 Bc8 17. Be3 Qc7 18. c4 b4 19. e5 Rb8 20. Bf4 f6 21. exd6 Bxd6 22.
Bxd6 Qxd6 23. Nb3 Bb7 24. f4 Ne7 25. c5 Qd7 26. Bxa6 Bd5 27. Nd4 Kf7 28. Bc4
Rhc8 29. Bb5 Qc7 30. Rac1 Qa7 31. Rfe1 Rxc5 32. Ra1 Qb7 33. Ra5 Kg8 34. Rea1
Nf5 35. Nxf5 gxf5 36. Qf2 Rxb5 37. Qg3+ Qg7 38. Rxb5 Rxb5 39. Ra8+ Bxa8 0-1

[Event "XVII OOM Podlaskie - Chlopcy"]
[Site "Suwalki"]
[Date "2011.04.17"]
[Round "5.2"]
[White "Ulanowski, Karol"]
[Black "Mirski, Michal"]
[Result "1-0"]
[WhiteElo "1919"]
[BlackElo "1776"]
[PlyCount "69"]
[EventDate "2011.??.??"]

1. e4 c5 2. Nf3 Nf6 3. Nc3 Nc6 4. d4 d5 5. Bb5 dxe4 6. Ne5 cxd4 7. Bxc6+ bxc6
8. Nxc6 Qb6 9. Nxd4 Bg4 10. Nde2 Rd8 11. Bd2 e6 12. O-O e3 13. fxe3 Bc5 14. Kh1
Bxe3 15. Bxe3 Qxe3 16. Qc1 Qxc1 17. Raxc1 Rd2 18. Ng3 Ke7 19. h3 Bh5 20. Rxf6
gxf6 21. Nxh5 Rb8 22. Nb1 Rd5 23. Nf4 Ra5 24. Nd3 e5 25. a3 f5 26. b4 Rd5 27.
Nc3 Rd4 28. Nxe5 Rc8 29. Nb1 f6 30. Nf3 Rdc4 31. c3 a5 32. Nfd2 R4c7 33. c4
axb4 34. axb4 Rb8 35. Nc3 1-0

[Event "XVII OOM Podlaskie - Chlopcy"]
[Site "Suwalki"]
[Date "2011.04.17"]
[Round "5.3"]
[White "Eggink, Ryszard"]
[Black "Marczuk, Dominik"]
[Result "1/2-1/2"]
[WhiteElo "1914"]
[BlackElo "1918"]
[PlyCount "60"]
[EventDate "2011.??.??"]

1. e4 c5 2. Nf3 a6 3. d4 cxd4 4. Nxd4 Nf6 5. Nc3 e5 6. Nb3 Bb4 7. Bd2 Bxc3 8.
Bxc3 Nc6 9. Bc4 O-O 10. Bd5 d6 11. O-O Be6 12. Bxe6 fxe6 13. Qe2 Qe7 14. f4
exf4 15. Rxf4 b5 16. Bxf6 Rxf6 17. Rxf6 Qxf6 18. c3 Rf8 19. Rf1 Qxf1+ 20. Qxf1
Rxf1+ 21. Kxf1 Ne5 22. Nd4 Kf7 23. Ke2 Kf6 24. b3 g5 25. h3 h5 26. Ke3 Ke7 27.
Ne2 Kf6 28. Nd4 Ke7 29. Ne2 Kf6 30. Nd4 Ke7 1/2-1/2

[Event "XVII OOM Podlaskie - Chlopcy"]
[Site "Suwalki"]
[Date "2011.04.17"]
[Round "5.4"]
[White "Koitka, Jakub"]
[Black "Siedlanowski, Lukasz"]
[Result "1/2-1/2"]
[WhiteElo "1887"]
[BlackElo "1727"]
[PlyCount "94"]
[EventDate "2011.??.??"]

1. e4 c6 2. d4 d5 3. exd5 cxd5 4. Bd3 Nc6 5. c3 Nf6 6. Nd2 Bg4 7. Qb3 Qc7 8.
Ngf3 e6 9. O-O Bd6 10. h3 Bh5 11. Re1 O-O 12. Qd1 Rfe8 13. Be2 a6 14. Ne5 Bxe5
15. dxe5 Qxe5 16. Bxh5 Qxh5 17. Qxh5 Nxh5 18. Nb3 b6 19. Be3 Rab8 20. Rad1 Nf6
21. Kf1 Ne4 22. Bf4 Rbc8 23. Be3 Rb8 24. Bf4 Rb7 25. f3 Nf6 26. Kf2 Rc8 27. Re2
Nd7 28. Bd6 Na7 29. Kf1 h6 30. Kf2 Nb5 31. Bf4 Nc5 32. Nd4 Nxd4 33. cxd4 Nd7
34. Ree1 Ra7 35. Rc1 Raa8 36. Ke2 Kf8 37. Bd6+ Ke8 38. Kd3 Kd8 39. b3 Nf6 40.
Bf8 Ne8 41. Bb4 Kd7 42. Bf8 Ra7 43. Rxc8 Kxc8 44. Rc1+ Rc7 45. Rxc7+ Kxc7 46.
g4 f6 47. f4 Kd7 1/2-1/2

[Event "XVII OOM Podlaskie - Chlopcy"]
[Site "Suwalki"]
[Date "2011.04.17"]
[Round "5.5"]
[White "Gajdamowicz, Patrick"]
[Black "Kaczmarek, Aleksander"]
[Result "1/2-1/2"]
[WhiteElo "1782"]
[BlackElo "2036"]
[PlyCount "121"]
[EventDate "2011.??.??"]

1. d4 g6 2. e4 Bg7 3. Nc3 c5 4. Be3 Nc6 5. dxc5 Nf6 6. f3 O-O 7. Qd2 Ne8 8. Bh6
Qa5 9. Bxg7 Nxg7 10. O-O-O Qxc5 11. h4 d6 12. Qh6 Be6 13. Nh3 f6 14. Bd3 Rfc8
15. g4 Nb4 16. a3 Nxd3+ 17. Rxd3 b5 18. Qe3 a5 19. Qxc5 Rxc5 20. Nf4 Bc4 21.
Re3 Kf7 22. Ncd5 Rac8 23. Nb6 R8c7 24. Nxc4 Rxc4 25. Rh2 b4 26. Nd5 Rb7 27.
axb4 axb4 28. Rb3 Ne6 29. Re3 Nd4 30. b3 Rc5 31. Rd2 Nc6 32. Kd1 Ra7 33. Ke1
Ra1+ 34. Kf2 Rc1 35. Ree2 h6 36. Kg2 Rb5 37. Nf4 Rb8 38. Kg3 Rg1+ 39. Rg2 Rxg2+
40. Rxg2 Rb5 41. Rd2 Rc5 42. Nd3 Ra5 43. Nf4 Ra1 44. Nd3 Rg1+ 45. Kh2 Rf1 46.
Kg2 Ra1 47. Kf2 Rh1 48. Kg3 g5 49. h5 Ra1 50. Kf2 Ra5 51. Ke3 e6 52. Nb2 d5 53.
exd5 exd5 54. Na4 f5 55. Nb2 f4+ 56. Kf2 Ke6 57. Nd3 Kd6 58. Kg2 Ra7 59. Kf2
Re7 60. Kg2 Re3 61. Kf2 1/2-1/2

[Event "XVII OOM Podlaskie - Chlopcy"]
[Site "Suwalki"]
[Date "2011.04.17"]
[Round "5.6"]
[White "Kulas, Szymon"]
[Black "Kowalczyk, Mariusz"]
[Result "1-0"]
[WhiteElo "1966"]
[BlackElo "1765"]
[PlyCount "73"]
[EventDate "2011.??.??"]

1. e4 g6 2. d4 Bg7 3. Nc3 d6 4. f4 a6 5. Nf3 b5 6. a3 Bb7 7. Bd3 Nd7 8. O-O c5
9. Be3 Ngf6 10. dxc5 Nxc5 11. Bxc5 dxc5 12. e5 Nd5 13. Nxd5 Bxd5 14. Qe2 O-O
15. c4 Bxf3 16. Rxf3 Qb6 17. Kh1 Rab8 18. b3 f6 19. cxb5 fxe5 20. fxe5 Rxf3 21.
Qxf3 axb5 22. a4 Rf8 23. Qe3 Qc7 24. Bxb5 Bxe5 25. Re1 Bf6 26. Bc4+ Kg7 27. Qe6
Qa5 28. Rf1 Qc3 29. Qd5 Qd4 30. Rd1 Qf2 31. Rf1 Qd4 32. a5 Rd8 33. Qf3 Qd2 34.
a6 Qa2 35. Qb7 Qa5 36. a7 h5 37. Ba6 1-0

[Event "XVII OOM Podlaskie - Chlopcy"]
[Site "Suwalki"]
[Date "2011.04.17"]
[Round "5.7"]
[White "Tomaszewski, Kacper"]
[Black "Piotrowski, Przemyslaw"]
[Result "0-1"]
[WhiteElo "1775"]
[BlackElo "1927"]
[PlyCount "86"]
[EventDate "2011.??.??"]

1. d4 Nf6 2. c4 g6 3. Nc3 Bg7 4. e4 d6 5. Nf3 O-O 6. Be2 e5 7. O-O Nc6 8. d5
Ne7 9. b4 Nh5 10. Re1 f5 11. c5 fxe4 12. Nxe4 Nf4 13. Bc4 Bg4 14. Bxf4 Rxf4 15.
Rc1 Bxf3 16. gxf3 Nf5 17. Ng3 Nh4 18. Rc3 e4 19. Rce3 Nxf3+ 20. Rxf3 exf3 21.
Re4 Qg5 22. Qe1 Raf8 23. Qe3 Qg4 24. Bd3 Be5 25. cxd6 cxd6 26. Rxf4 Qxf4 27.
Qxf4 Rxf4 28. Ne4 Rg4+ 29. Kf1 Kg7 30. h3 Rh4 31. Ng5 Rxb4 32. Nxf3 Rb2 33.
Nxe5 dxe5 34. Bc4 b5 35. Bb3 Rxb3 36. axb3 Kf6 37. Ke2 e4 38. d6 Ke6 39. Ke3
Kxd6 40. Kxe4 a5 41. Kd4 a4 42. bxa4 bxa4 43. Kc4 Ke5 0-1

[Event "XVII OOM Podlaskie - Chlopcy"]
[Site "Suwalki"]
[Date "2011.04.17"]
[Round "5.8"]
[White "Jarmula, Lukasz"]
[Black "Kosmala, Mateusz"]
[Result "0-1"]
[WhiteElo "1852"]
[BlackElo "1719"]
[PlyCount "109"]
[EventDate "2011.??.??"]

1. e4 e5 2. Nf3 Nc6 3. Bb5 Bc5 4. O-O Nd4 5. Nxd4 Bxd4 6. c3 Bb6 7. d4 c6 8.
Be2 d6 9. Na3 Nf6 10. Nc4 Bc7 11. dxe5 dxe5 12. Qc2 Be6 13. b3 Bxc4 14. Bxc4
Qe7 15. a4 O-O 16. Bg5 h6 17. Bh4 g5 18. Bg3 Nh5 19. Rfe1 Nf4 20. Bxf4 gxf4 21.
Qe2 Bb6 22. a5 Bc7 23. b4 Rad8 24. Rad1 b6 25. axb6 Bxb6 26. g3 Qg5 27. Kg2 Kg7
28. h4 Qg6 29. Bd3 Rd6 30. Kh2 f3 31. Qf1 Rfd8 32. c4 Bxf2 33. Qxf2 Rxd3 34.
Rxd3 Rxd3 35. Re3 Rxe3 36. Qxe3 Qg4 37. b5 cxb5 38. cxb5 Kg6 39. Qe1 Qe6 40.
Qf2 Qb3 41. g4 Qd3 42. h5+ Kg5 43. Kg3 Qe2 44. Qxf3 Qxf3+ 45. Kxf3 Kh4 46. Ke3
Kxg4 47. Kd3 Kf4 48. Kc4 Kxe4 49. Kc5 f5 50. Kc6 f4 51. Kb7 f3 52. Kxa7 f2 53.
b6 f1=Q 54. b7 Qa1+ 55. Kb8 0-1

[Event "XVII OOM Podlaskie - Chlopcy"]
[Site "Suwalki"]
[Date "2011.04.17"]
[Round "5.9"]
[White "Mucha, Piotr"]
[Black "Snihur, Piotr"]
[Result "1/2-1/2"]
[WhiteElo "1707"]
[BlackElo "1818"]
[PlyCount "70"]
[EventDate "2011.??.??"]

1. e4 c5 2. Nf3 Nf6 3. Nc3 Nc6 4. d4 d5 5. exd5 Nxd5 6. Nxd5 Qxd5 7. Be3 cxd4
8. Nxd4 Nxd4 9. Qxd4 Qxd4 10. Bxd4 f6 11. Bc4 e5 12. Be3 Bd6 13. O-O-O Ke7 14.
Rd2 Be6 15. Bxe6 Kxe6 16. Rhd1 Rhd8 17. Bc5 Bc7 18. Rxd8 Rxd8 19. Rxd8 Bxd8 20.
Bxa7 b6 21. c4 Kd6 22. Bb8+ Kc5 23. b3 g5 24. a4 Be7 25. a5 bxa5 26. Bc7 Kb4
27. Kc2 e4 28. f3 exf3 29. gxf3 f5 30. h3 h5 31. Bb6 Bd6 32. Be3 g4 33. fxg4
fxg4 34. hxg4 hxg4 35. Bd2+ Kc5 1/2-1/2

[Event "XVII OOM Podlaskie - Chlopcy"]
[Site "Suwalki"]
[Date "2011.??.??"]
[Round "5.11"]
[White "Sliwicki, Damian"]
[Black "Osinski, Emil"]
[Result "1-0"]
[WhiteElo "1864"]
[BlackElo "1672"]
[PlyCount "67"]
[EventDate "2011.??.??"]

1. e4 c6 2. c4 e5 3. d4 d6 4. Nc3 Qc7 5. Be3 Be7 6. f4 Nd7 7. Nf3 Ngf6 8. Be2
O-O 9. O-O b6 10. Rc1 a6 11. fxe5 dxe5 12. Kh1 Ng4 13. Bg1 Rd8 14. h3 Ngf6 15.
Bh2 Ne8 16. Nxe5 Nxe5 17. Bxe5 Bd6 18. Bxd6 Qxd6 19. Qc2 Qh6 20. Qd3 Ra7 21. d5
Re7 22. Qf3 Nf6 23. dxc6 Bg4 24. Qf4 Qxf4 25. Rxf4 Bxe2 26. Nxe2 Nxe4 27. c7
Rde8 28. Rd1 Nf6 29. Rxf6 Rxc7 30. Rxb6 g5 31. Nc3 Rxc4 32. Rxa6 Rb8 33. Rd2
Kg7 34. a4 1-0